[Event "IBCA-ol blind 08th fin-A"]
[Site "Zalaegerszeg"]
[Date "1988.04.28"]
[Round "5.3"]
[White "Komzak, Frantisek"]
[Black "Grahovac, J."]
[Result "0-1"]
[WhiteElo "1950"]
[BlackElo "2240"]
[PlyCount "78"]
[EventDate "1988.04.24"]
[EventType "team-tourn"]
[EventRounds "6"]
[EventCountry "HUN"]
[SourceTitle "EXT 2008"]
[Source "ChessBase"]
[SourceDate "2007.11.25"]
[SourceVersion "1"]
[SourceVersionDate "2007.11.25"]
[SourceQuality "1"]
[WhiteTeam "Czechoslovakia"]
[BlackTeam "Yugoslavia"]
[WhiteTeamCountry "CSR"]
[BlackTeamCountry "YUG"]

1. d4 d5 2. c4 e6 3. Nc3 Nf6 4. Bg5 Nbd7 5. e3 c6 6. Nf3 Qa5 7. Nd2 Bb4 8. Qc2 0-0 9. Nb3 Qa4 10. cxd5 Bxc3+ 11. bxc3 cxd5 12. Bd3 b6 13. 0-0 Ba6 14. Rfc1 Bxd3 15. Qxd3 Ne4 16. Bf4 Qc4 17. Qc2 Rfc8 18. Kh1 Qxc3 19. Qe2 Qd3 20. Qb2 Qa6 21. h4 h6 22. g4 Rxc1+ 23. Rxc1 Rc8 24. f3 Rxc1+ 25. Qxc1 Nf2+ 26. Kg2 Nd3 27. Qd2 Nxf4+ 28. exf4 Qc4 29. g5 h5 30. Qb2 Nf8 31. Kg3 Qf1 32. Qf2 Qxf2+ 33. Kxf2 Ng6 34. Kg3 Ne7 35. a4 Nf5+ 36. Kh3 g6 37. a5 bxa5 38. Nxa5 Nxd4 39. Kg3 Ne2+ 0-1